Normal view
MARC view
- الادب - التربية والتعليم - السياسة - مؤتمرات
Entry Topical Term
001 - CONTROL NUMBER
- control field: 31763
003 - CONTROL NUMBER IDENTIFIER
- control field: JO-AjAnu
005 - DATE AND TIME OF LATEST TRANSACTION
- control field: 20230606075338.0
008 - FIXED-LENGTH DATA ELEMENTS
- fixed length control field: 230606|| aca||aabn | a|a d
040 ## - CATALOGING SOURCE
- Original cataloging agency: JO-AjAnu
- Transcribing agency: JO-AjAnu
150 ## - HEADING--TOPICAL TERM
- Topical term or geographic name entry element: الادب - التربية والتعليم - السياسة - مؤتمرات
670 ## - SOURCE DATA FOUND
- Source citation: Work cat.: (JO-AjAnu)16309: مؤتمر البخث العلمي، 3: 2007: عمان - الأردن؛ تحرير مصلح النجار, author 31762, محور البحث الدراسات الثقافية ودراسات ما بعد الكولونيالية: وقائع المؤتمر الثالث للبحث العلمي في الإردن، 17/11/2007 الجمعية العلمية الملكية للبحث العلمي